00597nam a2200193Ia 4500008004100000020001500041082001400056100002200070245003200092250000800124260004300132300002900175500001900204600002700223650001500250942000700265952011600272999001500388240925s9999 xx 000 0 und d a9812530606 a629.8 NIS aNise, Norman . S 0aControl Systems Engineering a4th aSingapore:bJohn Willey & Sonsc,2004. axvii,954p.bnafOriginal aIncludes Index aEngineering Technology aTechnology cBK 001040708ETaUITUbUITUd2006-09-13eF.B.Cg589.00l0o629.8 NISpQ6731r2024-09-25 07:14:21w2024-09-25yBK c9230d9230